Official MrBeast Channels - Statistics

General Stats
  • This quiz has been taken 25 times
  • The average score is 4 of 5
Answer Stats
Channels % Correct
MrBeast
100%
MrBeast Gaming
88%
Beast Reacts
82%
MrBeast 2
76%
Beast Philanthropy
53%
No matching quizzes found
Score Distribution
Percent of People with Each Score
Percentile by Number Answered
Your Score History
You have not taken this quiz